| 000 | 00593nam a2200193Ia 4500 | ||
|---|---|---|---|
| 008 | 151121s9999||||xx |||||||||||||| ||und|| | ||
| 082 | _a814/ तेंडुल | ||
| 082 | _bHNW-69329 | ||
| 100 | _aतेंडुलकर प्रिया | ||
| 245 | _aअसंही | ||
| 260 | _b"डिंपल पब्लिकेशन, ठाणे।" | ||
| 260 | _c-- | ||
| 300 | _a158 | ||
| 600 | _aतेंडुलकर प्रिया | ||
| 630 | _aअसंही | ||
| 700 | _aतेंडुलकर प्रिया | ||
| 730 | _aअसंही | ||
| 942 | _cBOOK | ||
| 999 |
_c1250816 _d1250813 |
||